000 01034nam a22002057a 4500
003 BDDh-ASL
005 20231015031230.0
008 230317s2013 b ||||| |||| 00| 0 b d
040 _aBDDh-ASL
_cBDDh-ASL
041 _aben
082 _a954.3058
_bALA
100 1 _aআলম, মোহাম্মদ মাহবুব
_96249
245 1 0 _aআদি ঢাকার আদিবাসী বিলুপ্তপ্রায় উর্দুভাষা ও সংস্কৃতি :
_bসময়কাল ১৯৭১ পর্যন্ত /
246 _aAdi Dhakar Adibasi/Adivasi Biluptopry Urduvasa O Songskriti by Mohammad Mahbub Alam
260 _aঢাকা :
_bশুবর্ণ,
_c2013.
300 _a128 p. :
_c22 cm.
650 0 _aআদিবাসী, Ādibāsī , Aboriginal People, Adibasi, Adivasi, Tribal, Tribe, উপজাতি, Upajāti
_zBangladesh (বাংলাদেশ)
_95825
651 0 _aDhaka (ঢাকা) Dacca
_zBangladesh (বাংলাদেশ)
_94642
942 _2ddc
_cBK
999 _c31099
_d31099